000 01203cam a22003497a 4500
003 CHAP
005 20220329142032.0
008 990325d1992 mx a r 00110 spa d
010 _a77366
011 _a78338
035 _a88246
040 _cCHAP
082 0 4 _a636.4
_bE52Y
100 _aEnglish, Peter R.
_936990
245 1 4 _aCrecimiento y finalización del cerdo :
_bcómo mejorar su productividad
_c/por Peter R. English [y otros]
260 _aMéxico, D.F. :
_bManual moderno,
_c1992.
300 _a512 p. :
_bilus. ; gráfs. ; cuadros
590 _aBATCH-UPD
_b10
_c20130110
_lUCH01
_h0112
590 _aBATCH-UPD
_b10
_c20130110
_lUCH01
_h1342
590 _aBATCH-UPD
_b10
_c20130410
_lUCH01
_h0842
590 _aBATCH-UPD
_b10
_c20130914
_lUCH01
_h0548
590 _aCONVERSION
_b10
_c20130109
_lUCH01
_h1343
650 1 4 _aCarne de puerco.
_919173
650 1 4 _aGanado porcino
_xCrecimiento.
_945349
650 1 4 _aGanado porcino
_xCría de.
_945350
700 0 _aBaxter, Seaton.
_910987
700 0 _aFowler, Vernon R.
_942793
901 _aBK
905 _aGuadalupe Pinto C.
942 _cLIBRO
949 _a636.4 E52Y
_bBC
_cLIBRO
_d33724002056686
_eLIBRO
_h35853
_i88246
_kSustituciØn
_si
_t$199.00
999 _c77366
_d77366